|
|
|
|
| LEADER |
01037nam a2200253 a 4500 |
| 001 |
13705124 |
| 008 |
091101s2005 mau b 001 0 eng d |
| 010 |
|
|
|a 2004051332
|
| 020 |
|
|
|a 9780195676327
|
| 020 |
|
|
|a 1845421906
|
| 040 |
|
|
|a DLC
|c DLC
|d DLC
|
| 082 |
0 |
0 |
|a 338.91/09172/4
|2 22
|
| 100 |
1 |
|
|a Chakravarti, Ashok.
|
| 245 |
1 |
0 |
|a Aid, institutions and development :
|b new approaches to growth, governance and poverty /
|c Ashok Chakravarti.
|
| 260 |
|
|
|a Northampton, MA :
|b Edward Elgar :
|b Oxford university press,
|c 2005.
|
| 300 |
|
|
|a x, 190 p. ;
|c 24 cm.
|
| 504 |
|
|
|a Includes bibliographical references and index.
|
| 541 |
1 |
|
|e 00016809
|
| 650 |
|
0 |
|a Economic assistance
|z Developing countries.
|
| 650 |
|
0 |
|a Public administration
|z Developing countries.
|
| 650 |
|
0 |
|a Economic development.
|
| 852 |
4 |
|
|a Ayesha Abed Library
|j General Shelf.
|
| 999 |
|
|
|c 5009
|d 5009
|
| 952 |
|
|
|0 0
|1 0
|2 ddc
|4 0
|6 338_910917240000000_CHA_2005
|7 0
|9 4833
|a BRACUL
|b BRACUL
|c GEN
|d 2009-11-02
|l 1
|m 30
|o 338.91091724 CHA
|p 3010016809
|r 2016-03-19
|s 2016-01-17
|t 1
|w 2009-11-02
|y BK
|